000 00908nam2a22002291 4500
001 v19\rc\1222534
005 20250617223711.0
035 _a(NLR Aleph) 004384401
090 _a3668977
_c3668977
100 _a20060306d1910 |||y0rusy50 ca
101 0 _arus
102 _aRU
105 _ay z |||||
200 0 _a... на 1910 год
210 _d1910
_aБ. м.
215 _a92 с.
461 0 _1001v19\rc\1222516
_12001#$a[Смета доходов и расходов по Стародубскому уезду$v... на 1910 год$90
_93668746
_aСтародубская уездная земская управа
_cСтародуб
_d1876]-1915
_p21-35 с.
_t[Смета доходов и расходов по Стародубскому уезду
_v... на 1910 год$90
801 0 _aRU
_bNLR
_gpsbo
801 1 _aRU
_bProSoft-M
_2rusmarc
852 _aNLR
_bЗем
_j46-14/С1
942 _cBOOK
980 _aNB